Land mit den meisten Haustieren - Statistiken

Allgemein
  • Dieses Quiz wurde 322 mal gespielt
  • Das Durchschnittsergebnis liegt bei 10 aus 17
Antwortstatistiken
Haustierbesitz % Land % Korrekt
Die meisten Katzen 39 % Vereinigte Staaten
95%
Die meisten Haustiere insgesamt 70 % Vereinigte Staaten
95%
Die meisten Fische 17 % China
86%
Die meisten Katzen 57 % Russland
75%
Die meisten Haustiere insgesamt 73 % Russland
75%
Die meisten Katzen 41 % Frankreich
70%
Die meisten Vögel 11 % Spanien
67%
Die meisten Hunde 58 % Brasilien
64%
Die meisten Vögel 11 % Brasilien
64%
Die meisten Haustiere insgesamt 75 % Brasilien
64%
Die meisten Hunde 64 % Mexiko
58%
Die meisten Haustiere insgesamt 80 % Mexiko
58%
Die meisten Hunde 66 % Argentinien
48%
Die meisten Haustiere insgesamt 80 % Argentinien
48%
Die meisten Fische 16 % Türkei
28%
Die meisten Vögel 20 % Türkei
28%
Die meisten Fische 15 % Belgien
15%
Keine übereinstimmenden Quizze gefunden
Verteilung der Resultate
Anzahl Personen mit jedem Resultat
Perzentil nach korrekt beantworteten Fragen
Ihre Resultats-Entwicklung
Sie haben dieses Quiz noch nicht gespielt